00266nam a2200097Ia 4500008004100000100002600041245005500067260003000122300000800152650000800160191201s2009 xx 000 0 und d aPANDIAN, Punithavathy 0aSecurity Analysis and Investment Management MBA FM aN. DelhibVikas Pubc2009 a330 aMBA